Cyprus: na dno a ešte hlbšie

Veľkosť pravdepodobných zásob plynu pri Cypre a financovanie, ktoré si jeho využívanie vyžiada. Ako zúžitkovať podmorské bohatstvo zadlženého ostrova v prospech Európskej únie.

Gespeichert in:
Bibliographische Detailangaben
1. Verfasser: Merritt, Giles
Format: Buchkapitel
Sprache:Slowakisch
Schlagworte:
Tags: Tag hinzufügen
Keine Tags, Fügen Sie das erste Tag hinzu!

MARC

LEADER 00000naa a2200000 4500
001 0168383
005 20220725111329.2
041 0 |a slo 
044 |a SK 
245 1 0 |a Cyprus: na dno a ešte hlbšie  |c Giles Merritt 
520 |a Veľkosť pravdepodobných zásob plynu pri Cypre a financovanie, ktoré si jeho využívanie vyžiada. Ako zúžitkovať podmorské bohatstvo zadlženého ostrova v prospech Európskej únie. 
610 2 0 |a Cyprus 
610 2 0 |a Európska únia 
610 2 0 |a zdroje palivovo-energetické 
610 2 0 |a suroviny nerastné 
610 2 0 |a využitie surovín 
610 2 0 |a plyn 
610 2 0 |a financovanie 
100 1 |a Merritt, Giles